| 000 | 01245 a2200241 4500 | ||
|---|---|---|---|
| 003 | Nust | ||
| 005 | 20170207154018.0 | ||
| 010 | _a 2003065397 | ||
| 020 | _a1-58488-392-8 (alk. paper) | ||
| 035 | _a(DLC) 2003065397 | ||
| 040 | _cNust | ||
| 082 | 0 | 0 | _a621.3848/01/13 |
| 100 | 1 | _aMahafza, Bassem R. | |
| 245 | 1 | 0 |
_aMATLAB simulations for radar systems design-(E-BOOK) _cBassem R. Mahafza, Atef Z. Elsherbeni. |
| 260 |
_aBoca Raton, FL : _bCRC Press/Chapman & Hall, _c2004 |
||
| 300 |
_a682 p. : _bill. |
||
| 505 | _aChapter 1 Introduction to Radar Basics, Chapter 2 Radar Detection, Chapter 3 Radar Waveforms, Chapter 4 The Radar Ambiguity Function, Chapter 5 Pulse Compression, Chapter 6 Surface and Volume Clutter, Chapter 7 Moving Target Indicator (MTI) and Clutter Mitigation, Chapter 8 Phased Arrays, Chapter 9 Target Tracking, Chapter 10 Electronic Countermeasures (ECM), Chapter 11 Radar Cross Section (RCS), Chapter 12 High Resolution Tactical Synthetic Aperture Radar (TSAR), Chapter 13 Signal Processing, | ||
| 650 | 0 | _aMATLAB | |
| 650 | 0 |
_aRadar _xComputer simulation. |
|
| 650 | 0 |
_aRadar _xdatorsimulering |
|
| 650 | 0 |
_aRadar _xEquipment and supplies _xDesign and construction _xData processing. |
|
| 700 | 1 | _aElsherbeni, Atef Z. | |
| 942 |
_2ddc _cBK |
||
| 999 |
_c191551 _d191551 |
||